| 000 | 00877nam a22002777a 4500 | ||
|---|---|---|---|
| 005 | 20110725111748.0 | ||
| 008 | 110725t xxu||||| |||| 00| 0 eng d | ||
| 010 | _aENG-103111 | ||
| 020 |
_a9788120343771 _c450.00 |
||
| 035 | _aEN-86644 | ||
| 037 | _bDBAD / PUB | ||
| 040 |
_adpl _bEnglish |
||
| 082 | _a306 | ||
| 100 |
_929868 _aMiller, Barbara |
||
| 245 |
_aCultural anthropology / _cby Barbara Miller |
||
| 250 | _a6th ed | ||
| 260 |
_aNew Delhi _bPHI Learning _c2011 |
||
| 270 |
_aM-97, Connaught Circus _bNew Delhi _e110001 |
||
| 300 |
_axxi, 428p. : _c28cm (pbk) _bill. |
||
| 500 | _aIncludes bibliographical references and index | ||
| 650 | _929869 | ||
| 651 | _91549 | ||
| 700 | _929871 | ||
| 942 |
_2ddc _cEN _h306 _mMIL |
||
| 999 |
_c54288 _d54288 |
||